[Event "IBCA Wch U20 blind 5th"]
[Site "Uppsala"]
[Date "2009.06.23"]
[Round "6"]
[White "Karlsson, Viktoria"]
[Black "Sadykov, Gabiden"]
[Result "0-1"]
[WhiteElo "1127"]
[BlackElo "1809"]
[PlyCount "58"]
[EventDate "2009.06.20"]
[EventType "swiss"]
[EventRounds "7"]
[EventCountry "SWE"]
[SourceTitle "EXT 2010"]
[Source "ChessBase"]
[SourceDate "2010.11.25"]
[SourceVersion "1"]
[SourceVersionDate "2010.11.25"]
[SourceQuality "1"]

1. e4 e5 2. Nf3 d6 3. Bc4 h6 4. Nc3 c6 5. d4 Qe7 6. 0-0 Nf6 7. Be3 b5 8. Bd3 b4 9. Ne2 exd4 10. Nexd4 Nxe4 11. Nd2 d5 12. f3 Nc5 13. Re1 Nxd3 14. cxd3 Qd7 15. Bxh6+ Kd8 16. Bf4 c5 17. N4b3 Nc6 18. Qe2 Bd6 19. Bxd6 Qxd6 20. h3 Be6 21. a3 Kc7 22. Qf2 Bxh3 23. gxh3 Rxh3 24. Nf1 Qg6+ 25. Qg2 Qh5 26. Ng3 Qh4 27. Nf5 Qh7 28. Ng3 Rh8 29. Re2 Qh4 0-1

[Event "IBCA Wch U20 blind 5th"]
[Site "Uppsala"]
[Date "2009.06.20"]
[Round "1"]
[White "Miskeje, Martin"]
[Black "Sadykov, Gabiden"]
[Result "0-1"]
[WhiteElo "1351"]
[BlackElo "1809"]
[PlyCount "55"]
[EventDate "2009.06.20"]
[EventType "swiss"]
[EventRounds "7"]
[EventCountry "SWE"]
[SourceTitle "EXT 2010"]
[Source "ChessBase"]
[SourceDate "2010.11.25"]
[SourceVersion "1"]
[SourceVersionDate "2010.11.25"]
[SourceQuality "1"]

1. e4 e5 2. Nf3 Nc6 3. d3 Nf6 4. Bg5 Be7 5. Bxf6 Bxf6 6. g3 0-0 7. Bg2 d6 8. 0-0 Be6 9. Nbd2 Qd7 10. b3 Bh3 11. Bxh3 Qxh3 12. Kh1 Be7 13. c3 f5 14. Ng1 Qh6 15. f3 Bg5 16. Rf2 f4 17. g4 Rf6 18. Rg2 Bh4 19. h3 Qg5 20. Ne2 Rh6 21. Qg1 Bg3 22. Nf1 Rxh3+ 23. Nh2 Qh4 24. b4 Rf8 25. Rf1 Rf6 26. Rff2 Rh6 27. a4 Bxf2 28. Rxf2 0-1